| 000 | 00463nam a22001817a 4500 | ||
|---|---|---|---|
| 003 | CEME | ||
| 005 | 20210628203356.0 | ||
| 008 | 210305b xxu||||| |||| 00| 0 eng d | ||
| 020 | _a81-7024-901-5 | ||
| 040 | _c. | ||
| 082 | _a025.31 KOC | ||
| 100 |
_aKochar, R.S, Sudarshan, K.N _965064 |
||
| 245 | _aLibrary automation, issues and systems | ||
| 260 |
_aNEW DELHI _bAPH _c1997 |
||
| 300 | _aV,368P | ||
| 650 |
_aAUTOMATION-LIBRARY _965065 |
||
| 942 |
_cBK _2ddc |
||
| 999 |
_c573382 _d573382 |
||